DC Worlds Collide All Characters - Statistics

General Stats
  • This quiz has been taken 18 times
    3 since last reset
  • The average score is 28 of 77
Answer Stats
Answer % Correct
Batman
100%
Cyborg
100%
Martian Manhunter
100%
Superman
100%
Superman (DCU)
100%
Wonder Woman
100%
Aquaman
50%
Bane
50%
Batgirl
50%
Bizarro
50%
Black Manta
50%
Blue Beetle
50%
Captain Cold
50%
Catwoman
50%
Clayface
50%
Constantine
50%
Firestorm
50%
General Zod
50%
Gorilla Grodd
50%
Green Lantern - Guy Gardner (DCU)
50%
Green Lantern - Hal
50%
Green Lantern - Jessica
50%
Green Lantern - John
50%
Harley Quinn
50%
Hugo Strange
50%
Huntress
50%
Killer Croc
50%
Lex Luthor
50%
Mera
50%
Mister Terrific (DCU)
50%
Mr. Freeze
50%
Nightwing
50%
Peacemaker (DCU)
50%
Poison Ivy
50%
Raven
50%
Red Hood
50%
Red Robin
50%
Robin
50%
Scarecrow
50%
Sinestro
50%
Starfire
50%
Superboy
50%
Supergirl
50%
The Cheetah
50%
The Flash
50%
The Joker
50%
The Penguin
50%
Two-Face
50%
Vigilante (DCU)
50%
Zatanna
50%
Black Canary
0%
Bloodsport
0%
Captain Boomerang
0%
Cheshire
0%
Deadshot
0%
Deathstroke
0%
Doctor Fate
0%
Doctor Poison
0%
Dr. Phosphorus (DCU)
0%
Frankenstein
0%
Green Arrow
0%
Judomaster (DCU)
0%
Kid Flash
0%
Killer Frost
0%
King Shark
0%
Mirror Master
0%
Ocean Master
0%
Pandora
0%
Punchline
0%
Star Sapphire - Carol
0%
Swamp Thing
0%
The Bride (DCU)
0%
The Phantom Stranger
0%
The Question
0%
Vixen
0%
Weasel (DCU)
0%
White Lantern - Kyle
0%
No matching quizzes found
Score Distribution
Percent of People with Each Score
Percentile by Number Answered
Your Score History
You have not taken this quiz since the last reset